<?xml version="1.0" encoding="UTF-8"?>
<collection xmlns="http://www.loc.gov/MARC21/slim">
 <record>
  <leader>01890nam a2200205Ia 4500</leader>
  <controlfield tag="001">CTU_169987</controlfield>
  <controlfield tag="008">210402s9999    xx            000 0 und d</controlfield>
  <datafield tag="020" ind1=" " ind2=" ">
   <subfield code="c">298000</subfield>
  </datafield>
  <datafield tag="082" ind1=" " ind2=" ">
   <subfield code="a">324.2597075</subfield>
  </datafield>
  <datafield tag="082" ind1=" " ind2=" ">
   <subfield code="b">Qu600</subfield>
  </datafield>
  <datafield tag="245" ind1=" " ind2="0">
   <subfield code="a">Quy định mới về công tác xây dựng và phát triển cơ sở Đảng năm 2011</subfield>
  </datafield>
  <datafield tag="245" ind1=" " ind2="0">
   <subfield code="c">Thùy Linh, Việt Trinh (Sưu tầm và hệ thống hóa)</subfield>
  </datafield>
  <datafield tag="260" ind1=" " ind2=" ">
   <subfield code="a">Hà Nội</subfield>
  </datafield>
  <datafield tag="260" ind1=" " ind2=" ">
   <subfield code="b">Lao động</subfield>
  </datafield>
  <datafield tag="260" ind1=" " ind2=" ">
   <subfield code="c">2011</subfield>
  </datafield>
  <datafield tag="520" ind1=" " ind2=" ">
   <subfield code="a">Nội dung của cuốn sách bao gồm những phần chính sau: Phần thứ nhất. Điều lệ Đảng Cộng sản Việt Nam thông qua tại Đại hội đại biểu toàn quốc lần thứ XI; Phần thứ hai. Tìm hiểu những văn kiện được trình bày trong Đại hội đại biểu toàn quốc lần thứ XI; Phần thứ ba. Quy định về chức năng, nhiệm vụ và vai trò lãnh đạo của tổ chức Đảng trong định hướng phát triển mới; Phần thứ tư. Quy định mới về quy chế phối hợp công tác giữa các tổ chức trong cơ sở Đảng; Phần thứ năm. Quy định mới nhất về tăng cường công tác hoạt động của tổ chức Đảng trong tình hình mới; Phần thứ sáu. Quy định mới về công tác tổ chức và quản lý cán bộ Đảng viên; Phần thứ bảy. Quy định mới nhất về công tác thi đua khen thưởng, kỷ luật và chế độ chính sách đối với tổ chức Đảng và Đảng viên.</subfield>
  </datafield>
  <datafield tag="650" ind1=" " ind2=" ">
   <subfield code="a">Communist parties</subfield>
  </datafield>
  <datafield tag="650" ind1=" " ind2=" ">
   <subfield code="z">Vietnam</subfield>
  </datafield>
  <datafield tag="904" ind1=" " ind2=" ">
   <subfield code="i">Giao</subfield>
  </datafield>
  <datafield tag="980" ind1=" " ind2=" ">
   <subfield code="a">Trung tâm Học liệu Trường Đại học Cần Thơ</subfield>
  </datafield>
 </record>
</collection>
